| Tag |
First Indicator |
Second Indicator |
Subfields |
| LEADER |
00000cgm a2200000Mi 4500 |
| 001 |
in00005541821 |
| 006 |
m o c |
| 007 |
cr |n||||||||a |
| 007 |
vz |za|z| |
| 008 |
180321s2016 nju002 e o vueng d |
| 005 |
20241201225904.0 |
| 035 |
|
|
|a (OCoLC)on1035414861
|
| 040 |
|
|
|a ALSTP
|b eng
|e rda
|e pn
|c ALSTP
|d OCLCO
|d OCLCF
|d OCLCQ
|d OCLCO
|d WYU
|d S9I
|d CAUOI
|d OCLCO
|d NUI
|
| 019 |
|
|
|a 1373414833
|a 1430859349
|a 1443948305
|
| 020 |
|
|
|z 9781119179030
|
| 035 |
|
|
|a (OCoLC)1035414861
|z (OCoLC)1373414833
|z (OCoLC)1430859349
|z (OCoLC)1443948305
|
| 049 |
|
|
|a TXAM
|
| 245 |
0 |
0 |
|a Facebook for dummies course.
|p Populating your Facebook page /
|c For Dummies, a Wiley brand.
|
| 264 |
|
1 |
|a [Hoboken, New Jersey] :
|b John Wiley & Sons,
|c 2016.
|
| 300 |
|
|
|a 1 online resource (2 min.)
|
| 306 |
|
|
|a 000226
|
| 336 |
|
|
|a two-dimensional moving image
|b tdi
|2 rdacontent
|
| 337 |
|
|
|a computer
|b c
|2 rdamedia
|
| 337 |
|
|
|a video
|b v
|2 rdamedia
|
| 338 |
|
|
|a online resource
|b cr
|2 rdacarrier
|
| 347 |
|
|
|a video file
|2 rda
|
| 380 |
|
|
|a Videorecording
|
| 490 |
0 |
|
|a Academic Video Online
|
| 500 |
|
|
|a Title from resource description page (viewed March 21, 2018).
|
| 520 |
|
|
|a An empty Facebook page is one no one will visit, which is probably not a goal you have for your page. This video explains how to post updates and photos to your timeline so your fans can get the latest news about your company.
|
| 546 |
|
|
|a In English.
|
| 630 |
0 |
0 |
|a Facebook (Electronic resource)
|
| 630 |
0 |
7 |
|a Facebook (Electronic resource)
|2 fast
|0 (OCoLC)fst01781798
|
| 650 |
|
0 |
|a Online social networks.
|
| 650 |
|
0 |
|a Internet marketing.
|
| 650 |
|
0 |
|a Social networks
|x Computer network resources.
|
| 650 |
|
6 |
|a Réseaux sociaux (Internet)
|
| 650 |
|
6 |
|a Marketing sur Internet.
|
| 650 |
|
7 |
|a Internet marketing.
|2 fast
|0 (OCoLC)fst00977272
|
| 650 |
|
7 |
|a Online social networks.
|2 fast
|0 (OCoLC)fst01741311
|
| 650 |
|
7 |
|a Social networks
|x Computer network resources.
|2 fast
|0 (OCoLC)fst01767770
|
| 655 |
|
7 |
|a Instructional films.
|2 fast
|0 (OCoLC)fst01726236
|
| 655 |
|
7 |
|a Instructional films.
|2 lcgft
|
| 655 |
|
7 |
|a Films de formation.
|2 rvmgf
|
| 710 |
2 |
|
|a John Wiley & Sons,
|e production company.
|
| 776 |
0 |
8 |
|i Original version:
|z 9781119179030
|
| 856 |
4 |
0 |
|u http://proxy.library.tamu.edu/login?url=https://www.aspresolver.com/aspresolver.asp?MARC;3907393
|z Connect to this streaming video (Alexander Street Press)
|t 0
|
| 955 |
|
|
|a Alexander Street Press subscription streaming video
|
| 994 |
|
|
|a 92
|b TXA
|
| 999 |
f |
f |
|s f93910d5-c42e-4372-9385-fb79d24e1c60
|i 12faece7-ed7b-4391-b847-54377ee09d34
|t 0
|
| 952 |
f |
f |
|a Texas A&M University
|b College Station
|c Electronic Resources
|d Available Online
|t 0
|h Library of Congress classification
|
| 998 |
f |
f |
|t 0
|l Available Online
|